<?xml version="1.0" encoding="UTF-8"?>
<record
    xmlns:xsi="http://www.w3.org/2001/XMLSchema-instance"
    xsi:schemaLocation="http://www.loc.gov/MARC21/slim http://www.loc.gov/standards/marcxml/schema/MARC21slim.xsd"
    xmlns="http://www.loc.gov/MARC21/slim">

  <leader>03811nam a22003977a 4500</leader>
  <controlfield tag="003">OSt</controlfield>
  <controlfield tag="005">20260623161751.0</controlfield>
  <controlfield tag="007">a</controlfield>
  <controlfield tag="008">260623b        |||||||| |||| 00| 0 eng d</controlfield>
  <datafield tag="020" ind1=" " ind2=" ">
    <subfield code="a">9781265033811</subfield>
    <subfield code="c">[paperback].</subfield>
  </datafield>
  <datafield tag="020" ind1=" " ind2=" ">
    <subfield code="c">Mindmovers :</subfield>
  </datafield>
  <datafield tag="020" ind1=" " ind2=" ">
    <subfield code="c">&#x20B1;8,250.00</subfield>
  </datafield>
  <datafield tag="040" ind1=" " ind2=" ">
    <subfield code="b">English</subfield>
    <subfield code="c">Foundation University Library</subfield>
  </datafield>
  <datafield tag="050" ind1=" " ind2=" ">
    <subfield code="a">HD 58.7</subfield>
    <subfield code="b">.2023 K66</subfield>
  </datafield>
  <datafield tag="100" ind1=" " ind2=" ">
    <subfield code="a">Konopaske, Robert </subfield>
    <subfield code="e">Author.</subfield>
    <subfield code="9">6857</subfield>
  </datafield>
  <datafield tag="245" ind1=" " ind2=" ">
    <subfield code="a">Organizational Behavior and Management /</subfield>
    <subfield code="c">by Robert Konopaske, John Ivancevich and Michael Matteson</subfield>
  </datafield>
  <datafield tag="250" ind1=" " ind2=" ">
    <subfield code="a">Twelfth Edition.</subfield>
  </datafield>
  <datafield tag="250" ind1=" " ind2=" ">
    <subfield code="a">International Student Edition.</subfield>
  </datafield>
  <datafield tag="260" ind1=" " ind2=" ">
    <subfield code="a"> New York, NY : </subfield>
    <subfield code="b">McGraw Hill, </subfield>
    <subfield code="c">2023</subfield>
  </datafield>
  <datafield tag="264" ind1=" " ind2=" ">
    <subfield code="4">2023</subfield>
  </datafield>
  <datafield tag="300" ind1=" " ind2=" ">
    <subfield code="a">xx, 604 pages :</subfield>
    <subfield code="b">color illustrations, diagrams ;</subfield>
    <subfield code="c">26 cm.</subfield>
    <subfield code="3">resource</subfield>
    <subfield code="f">resource</subfield>
  </datafield>
  <datafield tag="336" ind1=" " ind2=" ">
    <subfield code="2">rda content</subfield>
    <subfield code="a">text</subfield>
    <subfield code="b">txt</subfield>
  </datafield>
  <datafield tag="337" ind1=" " ind2=" ">
    <subfield code="2">rda media</subfield>
    <subfield code="a">unmediated</subfield>
    <subfield code="b">n</subfield>
  </datafield>
  <datafield tag="338" ind1=" " ind2=" ">
    <subfield code="2">rda carrier</subfield>
    <subfield code="3">volume</subfield>
    <subfield code="a">volume</subfield>
    <subfield code="b">nc</subfield>
  </datafield>
  <datafield tag="490" ind1=" " ind2=" ">
    <subfield code="a">CHM-HosMgt Series</subfield>
  </datafield>
  <datafield tag="500" ind1=" " ind2=" ">
    <subfield code="a">"This International Student Edition is for use outside of the U.S." --On Cover</subfield>
  </datafield>
  <datafield tag="504" ind1=" " ind2=" ">
    <subfield code="a">Includes bibliographical references and indexes.</subfield>
  </datafield>
  <datafield tag="505" ind1=" " ind2=" ">
    <subfield code="a">Contents: 

PART ONE: The Field of Organizational Behavior.
Chapter1: Effective Managers Understand Organizational Behavior;
Chapter2: International and Organizational Culture.

PART TWO: Understanding and Managing Individual Behavior.
Chapter3: Individual Differences at Work;
Chapter4: Perceptions and Attributions;
Chapter5: Motivation;
Chapter6: Job Design and Performance;
Chapter 7: Evaluation and Rewards Influence Behavior;
Chapter8: Managing Employee Behavior;
Chapter9: Managing Individual Stress.

PART THREE: Group Behavior and Interpersonal Influence.
Chapter10: Groups and Teams;
Chapter11: Managing Conflict and Negotiations;
Chapter12: Power and Politics.

PART FOUR: Organizational Processes.
Chapter13: Communicating Effectively;
Chapter 14: Decision Making;
Chapter15: Leadership.

PART FIVE: Organizational Design, Change, and Innovation.
Chapter16: Organizational Structure and Design;
Chapter17: Managing Organizational Change.

APPENDIX A: Quantitative and Qualitative Research Techniques for Studying Organizational Behavior and Management Practice.

GLOSSARY.
ENDNOTES.
INDEXES.</subfield>
  </datafield>
  <datafield tag="520" ind1=" " ind2=" ">
    <subfield code="a">""Reading this new edition of Organizational Behavior and Management, students become involved participants in learning about behavior and management. The 12th edition combines text, self-learning exercises, group participation exercises, and cases. These elements are directed at students interested in attempting to predict the behavior of people working in organizations.

Organizational functioning is complex. This edition devotes attention to encouraging the development of these probing and diagnostic skills. The first step in this development is for each reader to increase his or her own self-awareness. 

Fundamental themes are woven throughout the book, including globalization, managing diversity and demographic changes, technological changes, ethics and social responsibility. These themes are consistent with the recommendations for balanced subject matter coverage made by the American Assembly of Collegiate Schools of Business/International Association for Management Education." --Provided by the Publisher.</subfield>
  </datafield>
  <datafield tag="650" ind1=" " ind2=" ">
    <subfield code="a">Organizational behavior.</subfield>
    <subfield code="9">6835</subfield>
  </datafield>
  <datafield tag="658" ind1=" " ind2=" ">
    <subfield code="a">Hospitality Management, Bachelor of Science in</subfield>
    <subfield code="b">Principles of Organization &amp; Management</subfield>
    <subfield code="c">HOSM 114</subfield>
  </datafield>
  <datafield tag="700" ind1=" " ind2=" ">
    <subfield code="a">Ivancevich, John </subfield>
    <subfield code="e">Author.</subfield>
    <subfield code="9">6858</subfield>
  </datafield>
  <datafield tag="700" ind1=" " ind2=" ">
    <subfield code="a">Matteson, Michael </subfield>
    <subfield code="e">Author.</subfield>
    <subfield code="9">6859</subfield>
  </datafield>
  <datafield tag="856" ind1=" " ind2=" ">
    <subfield code="u">https://drive.google.com/file/d/1coVpuBfXKP2uQ7i95G4piRxK72LBqVJn/view?usp=share_link</subfield>
    <subfield code="y">Click here to view the table of contents.</subfield>
  </datafield>
  <datafield tag="942" ind1=" " ind2=" ">
    <subfield code="2">ddc</subfield>
    <subfield code="c">BK</subfield>
    <subfield code="n">0</subfield>
    <subfield code="e">Twelfth edition</subfield>
    <subfield code="h"> HD 58.7 </subfield>
    <subfield code="i">.2023 K66</subfield>
    <subfield code="k">(CHM-HosMgt)</subfield>
  </datafield>
  <datafield tag="999" ind1=" " ind2=" ">
    <subfield code="c">6317</subfield>
    <subfield code="d">6317</subfield>
  </datafield>
  <datafield tag="952" ind1=" " ind2=" ">
    <subfield code="u">https://drive.google.com/file/d/1coVpuBfXKP2uQ7i95G4piRxK72LBqVJn/view?usp=share_link</subfield>
    <subfield code="0">0</subfield>
    <subfield code="1">0</subfield>
    <subfield code="2">lcc</subfield>
    <subfield code="4">0</subfield>
    <subfield code="7">4</subfield>
    <subfield code="8">NFIC</subfield>
    <subfield code="a">FOUNDATION</subfield>
    <subfield code="b">FOUNDATION</subfield>
    <subfield code="c">MAIN-CHM</subfield>
    <subfield code="d">2026-06-23</subfield>
    <subfield code="e">Library Budget</subfield>
    <subfield code="l">0</subfield>
    <subfield code="o">(CHM-HosMgt) HD 58.7 .2023 K66</subfield>
    <subfield code="p">0252026003098</subfield>
    <subfield code="r">2026-06-23 16:11:00</subfield>
    <subfield code="w">2026-06-23</subfield>
    <subfield code="y">BK</subfield>
    <subfield code="k">CHM-HosMgt-2026098</subfield>
  </datafield>
  <datafield tag="952" ind1=" " ind2=" ">
    <subfield code="u">https://drive.google.com/file/d/1coVpuBfXKP2uQ7i95G4piRxK72LBqVJn/view?usp=share_link</subfield>
    <subfield code="0">0</subfield>
    <subfield code="1">0</subfield>
    <subfield code="2">lcc</subfield>
    <subfield code="4">0</subfield>
    <subfield code="7">0</subfield>
    <subfield code="8">NFIC</subfield>
    <subfield code="a">FOUNDATION</subfield>
    <subfield code="b">FOUNDATION</subfield>
    <subfield code="c">MAIN-CHM</subfield>
    <subfield code="d">2026-06-23</subfield>
    <subfield code="e">Library Budget</subfield>
    <subfield code="l">0</subfield>
    <subfield code="o">(CHM-HosMgt) HD 58.7 .2023 K66 c.2</subfield>
    <subfield code="p">0252026003099</subfield>
    <subfield code="r">2026-06-23 16:14:00</subfield>
    <subfield code="w">2026-06-23</subfield>
    <subfield code="y">BK</subfield>
    <subfield code="k">CHM-HosMgt-2026099</subfield>
  </datafield>
</record>
